000 00729nam a22001935i 4500
001 54892
003 ES-MaACL
005 20230906163037.0
007 t|
008 960729s1858 it ||||1| ita d
040 _aCAM
_bspa
_cCAM
100 1 _aGans, Eduardo.
_953877
245 1 3 _aIl dritto romano delle obbligazioni e specialmente intorno alla teorica dei contratti innominati e del jus poenitendi /
_cdel dottor Eduardo Gans; traduzione dal tedesco, preceduta da un discorso sulle opere del Ganso per Eduardo Salvatti.
250 _a2.ed. riveduta.
260 _aNapoli :
_b166 Libreria strada Toledo,
_c1858.
300 _aLXIV, 246 p. ;
_c21 cm.
700 1 _aSalvetti, Eduardo.
_9102132
852 _aES-MaACL
_jF-14483
999 _c54892
_d54892